| 000 | 005100000a22001930004500 | ||
|---|---|---|---|
| 001 | 000382 | ||
| 003 | MACL | ||
| 005 | 20150814143946.0 | ||
| 008 | 150814b xxu||||| |||| 00| 0 eng d | ||
| 040 |
_aMACL _cMACL |
||
| 041 | _aEnglish | ||
| 082 | _a508/CHO | ||
| 100 |
_aChopra, Deepak _95609 |
||
| 245 |
_aAgeless Body, Timeless Mind _bA Practical Alternative To Growing Old _cDeepak Chopra |
||
| 260 |
_aNew York _c1993 _bRupa &Co, |
||
| 350 | _a195 | ||
| 650 |
_aNatural History _95610 |
||
| 942 |
_k508 _cBK _2ddc |
||
| 999 |
_c384 _d384 |
||